000 00437nam a22001697a 4500
003 NUST - PNEC
005 20170116181146.0
008 151012b xxu||||| |||| 00| 0 eng d
020 _a1903996414
040 _cLIBRARY
082 _a671 BOI
100 _915018
_aBoisse, Philippe
245 _aFriction & flow stress in forming & cutting
_cPhilippe Boisse
260 _cc.2007
650 _915022
_aFriction
_xEE
942 _2ddc
_cBK
999 _c70719
_d70719